01808cam a22002894a 45000010009000000050017000090080041000260100017000670200028000840400018001120420008001300500019001380820016001571000027001732450093002002500012002932600043003053000047003485000020003955050750004156500021011657000022011867000021012088560091012298560092013208560106014121376061520210414114013.0041025s2006 nyua 001 0 eng  a 2004061066 a0073018376 (alk. paper) aDLCcDLCdDLC apcc00aHF5686.C8M224 00a657/.422221 aMaher, Michael,d1946-10aFundamentals of cost accounting. /cMichael W. Maher, William N. Lanen, Madhav V. Rajan. a1st ed. aNew York :bMcGraw-Hill/Irwin,cc2006. axxvi, 580 p. :bill. (some col.) ;c29 cm. aIncludes index. aContents: Introduction and overview: Cost accounting: information for decision making -- Cost concepts and behaviour -- Cost analysis and estimation: Fundamentals of cost analysis for decision making -- Cost estimation -- Cost management systems: Fundamentals of product and service costing -- Job costing -- Process costing -- Activity-based costing -- Fundamentals of cost management -- Service department and joint cost allocation -- Management control systems: Fundamentals of management control systems -- Planning and budgeting -- Business unit performance measurement -- Transfer pricing -- Fundamentals of variance analysis -- Special topic in variance analysis -- Nonfinancial and multiple measure of performance evaluation -- Appendix. 0aCost accounting.1 aLanen, William N.1 aRajan, Madhav V.423Publisher descriptionuhttp://www.loc.gov/catdir/enhancements/fy0619/2004061066-d.html413Table of contents onlyuhttp://www.loc.gov/catdir/enhancements/fy0619/2004061066-t.html423Contributor biographical informationuhttp://www.loc.gov/catdir/enhancements/fy0737/2004061066-b.html